Solving SDGE models <a> new algoritm for the Sylvester equation

Salvato in:
Dettagli Bibliografici
Autore principale: Kameník, Ondřej
Natura: Libro
Lingua:inglese
Pubblicazione: Praha Czech National Bank 2005
Serie:Working paper series 10/2005
Soggetti:
Tags: Aggiungi Tag
Nessun Tag, puoi essere il primo ad aggiungerne!!

MARC

LEADER 00000nam$a2200000$$$4500
001 0040806
005 20240313135422.9
041 0 |a eng 
044 |a CZ 
245 1 0 |a Solving SDGE models  |b <a> new algoritm for the Sylvester equation  |c Ondřej Kameník 
264 1 |a Praha  |b Czech National Bank  |c 2005 
300 |a 20 s. 
490 1 |a Working paper series  |v 10/2005 
830 0 |a Working paper series  |v 10/2005 
610 2 0 |a modely stochastické 
610 2 0 |a algoritmy 
610 2 0 |a rovnováha dynamická 
610 2 0 |a modelovanie ekonometrické 
100 1 |a Kameník, Ondřej